Kosovskí Albánci versus OSN

Bibliographic Details
Main Author: Radičevič, Nenad (Author)
Format: Article
Language:Slovak
PhysicalDescription:Fotogr.
ISSN:1335-9959
Subjects:

MARC

LEADER 00000nab a2200000 ar4500
001 vtls009529047
003 SK-MaSNL
005 20260305015542.0
008 090623c2009 xo mr|p||||||||00 ||slo
015 |a SNBRB2009/05  |2 snkbucl 
038 |a SNKBUCL 
040 |a SNKBUCL  |b slo  |e AACR2  |c SNKBUCL 
041 0 |a slo 
044 |a xo  |c SK 
080 |a 323  |x (497.115)  |2 2001 
100 1 |a Radičevič, Nenad  |4 aut  |9 1594505 
245 1 0 |a Kosovskí Albánci versus OSN  |c Nenad Radičevič 
300 |b Fotogr. 
610 2 7 |a Organizácia spojených národov  |2 snkbucl  |9 84034 
650 0 7 |a Albánci  |2 snkbucl  |9 60115 
651 7 |a Kosovo  |2 snkbucl  |9 112264 
773 0 |t Dimenzie  |g Roč. IX, č. 4 (2009), s. 46-47  |x 1335-9959 
852 |a SNK  |b KIS3GCP 
999 |c 3275821  |d 3277751